000 01747cam a2200313 i 4500
003 SA-RiAUC
005 20260111122011.0
008 260108s1900 le g 000 0dara c
040 _aSA-JeALM
_bara
_cSA-RiAUC
_erda
082 0 4 _a259.5
_qSA-RiAUC
090 _a259.5
_bا ب ن ت
100 1 _aابن تيمية، أحمد بن عبد الحليم بن عبد السلام،
_d661-728 هجري
_eمؤلف.
245 1 2 _aالاختيارات الفقهية لشيخ الإسلام ابن تيمية لدى تلاميذه /
_cجمع واعداد سامي بن محمد بن جادالله زفق المنهج المعتمد من الشيخ بكر بن عبدالله أبو زيد
250 _aالطبعة الاولى.
264 1 _aمكة المكرمة :
_bمؤسسة سليمان بن عبدالعزيز الراجحي الخيرية،
_bدار عالم الفوائد .
_c2014
300 _a2 مجلد
_c24 سم.
336 _aنص
_btxt
_2rdacontent
_3كتاب
337 _aبدون وسيط
_bn
_2rdamedia
338 _aمجلد
_bnc
_2rdacarrier
490 _aآثار شيخ الإسلام ابن تيمية وما لحقها من أعمال
_v24
600 1 7 _aابن تيمية، أحمد بن عبد الحليم بن عبد السلام،
_d661-728 هجري
_2aucnm
650 7 _aالفقه الإسلامي
_2aucsh
650 _aالفقه الحنبلي
700 1 _aجادالله، سامي بن محمد .
_eجامع .
700 1 2 _aابن تيمية، أحمد بن عبد الحليم بن عبد السلام،
_d661-728 هجري.
_iتحقيق لـ (عمل) :
_tالاختيارات الفقهية
942 _2ddc
_cBOOK
_n0
949 _aSA-JeALM
_d260108
_uosman123
_n1
999 _c13964
_d13964